Financovanie podniku, jeho majetková, finančná a kapitálová štruktúra bakalárska práca

Gespeichert in:
Bibliographische Detailangaben
1. Verfasser: Makki, Ján
Körperschaft: Fakulta podnikového manažmentu EU. Katedra podnikovohospodárska
Weitere Verfasser: Foltínová, Ľubica, 1975-
Format: Buch
Sprache:Slowakisch
Veröffentlicht: Bratislava 2011
Tags: Tag hinzufügen
Keine Tags, Fügen Sie das erste Tag hinzu!

MARC

LEADER 00000nbm a2200000 4500
001 0140148
005 20161109111708.5
041 0 |a slo 
044 |a SK 
245 1 0 |a Financovanie podniku, jeho majetková, finančná a kapitálová štruktúra  |b bakalárska práca  |c Ján Makki ; školiteľ:Ľubica Foltínová 
264 1 |a Bratislava  |c 2011 
300 |a 39 s. 
100 1 |a Makki, Ján 
700 1 |a Foltínová, Ľubica, 1975- 
710 2 |a Fakulta podnikového manažmentu EU. Katedra podnikovohospodárska